Normal view
MARC view
- Baloch, Asghar Ali Dr.
Entry Personal Name
001 - CONTROL NUMBER
- control field: 17415
003 - CONTROL NUMBER IDENTIFIER
- control field: NUST
005 - DATE AND TIME OF LATEST TRANSACTION
- control field: 20190711113521.0
008 - FIXED-LENGTH DATA ELEMENTS
- fixed length control field: 190711|| aca||aabn | a|a d
040 ## - CATALOGING SOURCE
- Original cataloging agency: NUST
- Transcribing agency: NUST
100 ## - HEADING--PERSONAL NAME
- Personal name: Baloch, Asghar Ali Dr.
670 ## - SOURCE DATA FOUND
- Source citation: Work cat.: (NUST): Baloch, Asghar Ali Dr., Faiz Ki Shairy Mein Punjab Rang \, 2011.
